| 000 | 004420000a22001810004500 | ||
|---|---|---|---|
| 003 | MACL | ||
| 005 | 20160123152355.0 | ||
| 008 | 160123b xxu||||| |||| 00| 0 eng d | ||
| 040 |
_aMACL _cMACL |
||
| 041 | _aEnglish | ||
| 082 | _a530.41/PUR | ||
| 100 |
_aPuri, R K _934383 |
||
| 245 | _aSolid State Physics | ||
| 260 |
_bS Chand & Company LTD _c1997 _aNew Delhi |
||
| 350 | _a65 | ||
| 650 |
_aPhysics _934384 |
||
| 942 |
_cBK _k530.41/PUR _2ddc |
||
| 999 |
_c33091 _d33091 |
||